000 01344nam a2200253Ia 4500
999 _c39861
_d39861
001 6466
003 GE_BSU
005 20191127165247.0
008 181216s2010||||ge |||||||||||||| ||geo||
020 _a9789941160578
040 _cGE_BSU
041 _ageo
080 _a821.353.1-31 გ-19
100 _aგამსახურდია, კონსტანტინე
_91395
245 _aთხზულებანი 10 ტომად :
_bტ. 6. ვაზის ყვავილობა : პროლოგიანი და ეპილოგიანი რომანი /
_cკონსტანტინე გამსახურდია ; შემდგ. მანანა არჩვაძე-გამსახურდია ; რედ. ნანა სუხიტაშვილი, ნათელა ჭყოიძე.
264 _aთბილისი :
_bსაქართველოს მაცნე,
_c2010.
300 _a692 გვ. ;
_c22 სმ.
541 _h17ლ.
653 _aთხზულებანი
653 _aეპილოგიანი რომანი
700 _aჩხაიძე, ცისანა
_eრედაქტორი
_94698
700 _aსუხიტაშვილი, ნანა
_eრედაქტორი
_95594
942 _cBK
_2udc